000 00482nam a2200205Ia 4500
001 14376
003 GE_BSU
008 181216s||||||||xx |||||||||||||| ||und||
020 _a0723108919
040 _cGE_BSU
080 _a316
100 _aHaralambos,Michael
245 _aSocialogy Themes and Perspectives
260 _aSlough
260 _bUniversity Tutorial Press
260 _c1985
300 _a594p.22cm.
653 _aSocialogy Themes and Perspectives
942 _cBK
999 _c47512
_d47512